000 00534nam a22001817a 4500
005 20250811162847.0
008 250811b |||||||| |||| 00| 0 eng d
020 _a9780578631707
041 _aEnglish
082 _a174.4 BRO
100 _aBrown, Fred
245 _aMedia Ethics: A Guide For Professional Conduct
250 _a5th
260 _aIndiana Police
_bSociety of Professional Journalism
_c2020
300 _a261p.
650 _bEthics, Media Ethics, Ethics - Media
_aEthics, Media Ethics, Ethics - Media
942 _cRB
999 _c9514
_d9514